Košickí mešťania mali poistku bezpečnosti mesta na svojom hrade zbúrali Sokoľ, aby odvrátili ohrozenie nedobytnej Hradovej, ktorú zo strachu uhorskí magnáti zdemolovali

Bibliographic Details
Main Author: Makarová, Soňa (Author)
Format: Article
Language:Slovak
PhysicalDescription:Obr.
Subjects:

MARC

LEADER 00000nab a2200000 a 4500
001 vtls008413466
003 SK-MaSNL
005 20260303224823.0
008 051205 2005 xo r r 000 0 slo
038 |a KEVKJB 
040 |a KEVKJB  |b slo  |c KEVKJB  |e AACR2 
041 0 |a slo 
044 |a xo  |c SK 
080 |a 728.82  |2 UDC-MRF-SK2 
080 |a 908  |x (437.671)  |2 UDC-MRF-SK2 
100 1 |a Makarová, Soňa  |4 aut  |9 429760 
245 1 0 |a Košickí mešťania mali poistku bezpečnosti mesta na svojom hrade  |b zbúrali Sokoľ, aby odvrátili ohrozenie nedobytnej Hradovej, ktorú zo strachu uhorskí magnáti zdemolovali  |c Soňa Makarová 
300 |b Obr. 
610 2 7 |a Košický hrad (Košice, Slovensko)  |2 kevkjb  |9 29788 
610 2 7 |a Sokoľ (Slovensko : hrad)  |2 kevkjb  |9 165166 
650 0 7 |a hrady  |2 kevkjb  |9 3039 
651 7 |a Košice (Slovensko)  |2 kevkjb  |9 18694 
651 7 |a Košice-okolie (Slovensko : okres)  |2 kevkjb  |9 146743 
651 7 |a Hradová (Slovensko : vrch)  |2 kevkjb  |9 31281 
773 0 |t Košický večer  |g Roč. 16(37), č. 48 (2.12.2005), s. 15 
852 |a KEVKJB  |b KIS3GCP 
999 |c 2254113  |d 2256043